[Event "NK-E Algemeen 2010"]
[Site "?"]
[Date "2010.04.02"]
[Round "1.1"]
[White "Bhattacharjee, Sourav"]
[Black "Dael, Rens van"]
[Result "1-0"]
[WhiteElo "1562"]
[BlackElo "588"]
[PlyCount "45"]
[EventDate "2010.??.??"]

1. e4 e5 2. Nf3 Nc6 3. Bc4 Bc5 4. O-O Nf6 5. Nc3 O-O 6. d3 Ng4 7. h3 Nh6 8.
Bxh6 gxh6 9. Qd2 Na5 10. Bb3 Nxb3 11. axb3 Qf6 12. Nd5 Qg7 13. Nxc7 Rb8 14. b4
Bd6 15. Nb5 Qf6 16. Nxd6 Qxd6 17. Qc3 b6 18. Nxe5 Re8 19. Nf3 a5 20. bxa5 bxa5
21. Nh4 Ba6 22. Nf5 Qb6 23. Qg7# 1-0

[Event "NK-E Algemeen 2010"]
[Site "?"]
[Date "2010.04.02"]
[Round "1.2"]
[White "Kevlishvili, Robby"]
[Black "Leeuwen, Louis van"]
[Result "1-0"]
[WhiteElo "1559"]
[BlackElo "653"]
[PlyCount "53"]
[EventDate "2010.??.??"]

1. e4 e5 2. Nf3 Nc6 3. Bc4 Nf6 4. d3 Be7 5. O-O O-O 6. Be3 Re8 7. Nbd2 d6 8. c3
d5 9. exd5 Nxd5 10. Qb3 Nxe3 11. Bxf7+ Kf8 12. fxe3 Na5 13. Qa4 Bc5 14. Bxe8
Bxe3+ 15. Kh1 Bxd2 16. Nxd2+ Kg8 17. Bf7+ Kh8 18. Qxa5 Qxd3 19. Bc4 Qd8 20. Qd5
Bd7 21. Rf2 c6 22. Qd6 b5 23. Raf1 h6 24. Bd3 g5 25. Rf8+ Qxf8 26. Rxf8+ Kg7
27. Qf6# 1-0

[Event "NK-E Algemeen 2010"]
[Site "?"]
[Date "2010.04.02"]
[Round "1.3"]
[White "Janssen, Aron"]
[Black "Kazarian, Anna Maja"]
[Result "0-1"]
[WhiteElo "991"]
[BlackElo "1540"]
[PlyCount "100"]
[EventDate "2010.??.??"]

1. e4 e5 2. Nf3 Nc6 3. Bc4 Nf6 4. Nc3 Bc5 5. d3 h6 6. O-O d6 7. h3 Be6 8. Bb3
O-O 9. Be3 Bb6 10. Qe2 Nd4 11. Bxd4 Bxd4 12. Nxd4 exd4 13. Nd5 Nxd5 14. Bxd5
Bxd5 15. exd5 Qg5 16. Qe4 Qf6 17. Qg4 Rad8 18. Rfe1 Rfe8 19. Re4 Rxe4 20. dxe4
Qe5 21. Re1 c6 22. dxc6 bxc6 23. Qf3 d5 24. b3 Re8 25. Qg4 f5 26. f4 fxg4 27.
fxe5 Rxe5 28. hxg4 dxe4 29. Kh2 Kf7 30. Kg3 g5 31. Rf1+ Ke7 32. Kf2 Re6 33. Kg3
Rf6 34. Rxf6 Kxf6 35. Kf2 Ke5 36. Ke2 Kf4 37. a4 Kxg4 38. Kf2 h5 39. b4 a6 40.
g3 h4 41. gxh4 gxh4 42. Ke2 h3 43. Kd2 h2 44. c3 dxc3+ 45. Kxc3 h1=Q 46. Kc4
Qd1 47. Kc5 Qd5+ 48. Kb6 e3 49. Kxa6 e2 50. Kb6 e1=Q 0-1

[Event "NK-E Algemeen 2010"]
[Site "?"]
[Date "2010.04.02"]
[Round "1.4"]
[White "Hoornstra, Ischa"]
[Black "Dijkhuis, Sven"]
[Result "0-1"]
[WhiteElo "887"]
[BlackElo "1426"]
[PlyCount "52"]
[EventDate "2010.??.??"]

1. e4 d5 2. Nc3 d4 3. Nb1 e5 4. c3 Nc6 5. Bd3 dxc3 6. Nxc3 Qxd3 7. Nd5 Qxe4+ 8.
Ne3 Bc5 9. f3 Qg6 10. Ne2 Be6 11. O-O O-O-O 12. a3 Bxe3+ 13. Kh1 Bb6 14. b4 Nf6
15. b5 Na5 16. f4 Bd5 17. Ng3 exf4 18. Rxf4 Nh5 19. Rg4 Nxg3+ 20. Rxg3 Qf6 21.
d4 Bxd4 22. Bg5 Qe5 23. Bxd8 Bxa1 24. Rd3 Rxd8 25. Qd2 Bxg2+ 26. Kxg2 Qe4+ 0-1

[Event "NK-E Algemeen 2010"]
[Site "?"]
[Date "2010.04.02"]
[Round "1.5"]
[White "Hermes, Tom"]
[Black "Slomczewski, Michal"]
[Result "0-1"]
[WhiteElo "987"]
[BlackElo "1404"]
[PlyCount "50"]
[EventDate "2010.??.??"]

1. e4 d5 2. Nc3 d4 3. Nb1 e5 4. c3 dxc3 5. Nxc3 Nf6 6. Nf3 Nc6 7. Bb5 Bd6 8.
Bxc6+ bxc6 9. d4 exd4 10. Nxd4 Bb7 11. Bg5 Be5 12. Nf3 Bxc3+ 13. bxc3 Qxd1+ 14.
Rxd1 Nxe4 15. Rc1 Nxg5 16. Nxg5 h6 17. Ne4 O-O 18. Nc5 Rfe8+ 19. Kd2 Rad8+ 20.
Kc2 Bc8 21. Rhe1 Bf5+ 22. Kb3 Rb8+ 23. Ka3 Red8 24. Rcd1 Rd5 25. Na6 Ra5# 0-1

[Event "NK-E Algemeen 2010"]
[Site "?"]
[Date "2010.04.02"]
[Round "1.6"]
[White "Baselmans, Luuk"]
[Black "Kuiken, Jelle van"]
[Result "1-0"]
[WhiteElo "1329"]
[BlackElo "745"]
[PlyCount "81"]
[EventDate "2010.??.??"]

1. e4 e5 2. Nf3 Nc6 3. d4 exd4 4. Bc4 Nf6 5. e5 d5 6. exf6 dxc4 7. O-O Qxf6 8.
Bg5 Qd6 9. Nbd2 c3 10. bxc3 dxc3 11. Ne4 Qxd1 12. Raxd1 Bb4 13. Rde1 O-O 14.
Re3 Bc5 15. Rxc3 Bd4 16. Nxd4 Nxd4 17. Rxc7 Ne2+ 18. Kh1 f6 19. Bh4 f5 20. Nd6
f4 21. Be7 f3 22. Bxf8 fxg2+ 23. Kxg2 Kxf8 24. Rxc8+ Rxc8 25. Nxc8 Nf4+ 26. Kh1
g5 27. Nxa7 h5 28. Nb5 g4 29. Nd6 h4 30. Nxb7 Kg7 31. Nd6 Kg6 32. a4 Kg5 33. a5
h3 34. a6 Nd5 35. a7 Nb6 36. Nc4 Nxc4 37. a8=Q Nd2 38. Qd5+ Kh4 39. Qxd2 Kh5
40. Qf4 Kh4 41. Qh6# 1-0

[Event "NK-E Algemeen 2010"]
[Site "?"]
[Date "2010.04.02"]
[Round "1.7"]
[White "Beukema, Jasper"]
[Black "Klein, Jorik"]
[Result "1-0"]
[WhiteElo "1315"]
[BlackElo "1144"]
[PlyCount "51"]
[EventDate "2010.??.??"]

1. e4 e5 2. Nf3 Nc6 3. Bc4 Bc5 4. b4 Bxb4 5. c3 Bc5 6. d4 exd4 7. O-O dxc3 8.
Qd5 Qe7 9. Bg5 Nf6 10. Bxf6 Qxf6 11. Qxc5 c2 12. Nbd2 d6 13. Qd5 Be6 14. Qb5
Bxc4 15. Nxc4 a6 16. Qxb7 O-O 17. Qxc6 Rfc8 18. Ne3 h6 19. Nd5 Qe6 20. Nd4 Qxe4
21. Nf6+ gxf6 22. Qxe4 Re8 23. Qh4 Kg7 24. Nf5+ Kf8 25. Qxh6+ Kg8 26. Qg7# 1-0

[Event "NK-E Algemeen 2010"]
[Site "?"]
[Date "2010.04.02"]
[Round "1.9"]
[White "Schalij, Ties"]
[Black "Bosma, Jan"]
[Result "0-1"]
[WhiteElo "1240"]
[BlackElo "1051"]
[PlyCount "124"]
[EventDate "2010.??.??"]

1. e4 c5 2. c3 e5 3. Nf3 Nc6 4. d4 cxd4 5. cxd4 exd4 6. Nxd4 Nf6 7. Bg5 Qa5+ 8.
Nc3 Qxg5 9. Ndb5 Qe5 10. Bd3 a6 11. Na3 Bb4 12. O-O Bxc3 13. bxc3 Qxc3 14. Nc2
Nd4 15. Nxd4 Qxd4 16. Qf3 O-O 17. Rfe1 d6 18. Qg3 Re8 19. Qf3 Bg4 20. Qg3 Rac8
21. h3 Bh5 22. Rab1 Rc3 23. Re3 Qe5 24. Qxe5 dxe5 25. Rxb7 Ra3 26. g4 Bg6 27.
Bc4 Rxe3 28. fxe3 Nxe4 29. Bxa6 Nc5 30. Rb6 Nxa6 31. Rxa6 h5 32. gxh5 Bxh5 33.
a4 Rd8 34. a5 Rd1+ 35. Kf2 Ra1 36. Ra8+ Kh7 37. a6 Bg6 38. Kf3 Bd3 39. a7 Bb5
40. Rb8 Bc6+ 41. Ke2 Rxa7 42. Kd3 Bg2 43. h4 Ra4 44. Rf8 f6 45. h5 Rh4 46. h6
Rxh6 47. Rc8 Rh1 48. Rc2 Rh2 49. Rc1 g5 50. Rc6 Bxc6 51. e4 Rh3+ 52. Ke2 Bxe4
53. Kf2 Ra3 54. Ke2 Bd5 55. Kf2 Kg6 56. Ke2 g4 57. Kf2 Kf5 58. Kf1 Ra2 59. Kg1
Ke4 60. Kf1 Ke3 61. Kg1 Kf3 62. Kh1 Kg3+ 0-1

[Event "NK-E Algemeen 2010"]
[Site "?"]
[Date "2010.04.02"]
[Round "1.10"]
[White "Rekveld, Bram"]
[Black "Kuiper, Adrian"]
[Result "0-1"]
[WhiteElo "1091"]
[BlackElo "1203"]
[PlyCount "100"]
[EventDate "2010.??.??"]

1. e4 c5 2. Nf3 d6 3. Bb5+ Bd7 4. Bc4 e6 5. d3 Be7 6. Nc3 Nc6 7. d4 cxd4 8.
Nxd4 Nf6 9. Bg5 e5 10. Nxc6 bxc6 11. Bxf6 Bxf6 12. Qxd6 Rb8 13. b3 Rf8 14. f4
exf4 15. Rd1 Bxc3+ 16. Kf1 Bg4 17. Qxd8+ Rxd8 18. Rxd8+ Kxd8 19. h3 Be6 20.
Bxe6 fxe6 21. Ke2 Kc7 22. Rd1 Rd8 23. Rf1 e5 24. Rf3 Rd2+ 25. Kf1 Rxc2 26. g3
Bd4 27. gxf4 exf4 28. Rxf4 Rxa2 29. Rf7+ Kb6 30. Ke1 Rb2 31. Kd1 Rxb3 32. Kc2
Re3 33. Kd2 Rxe4 34. Kd3 Rh4 35. Rf3 Bf6 36. Ke3 c5 37. Kd3 Kb5 38. Kc2 Rc4+
39. Kb3 Rc3+ 40. Rxc3 Bxc3 41. Kxc3 a5 42. Kb3 c4+ 43. Kc3 a4 44. Kb2 Kb4 45.
h4 h5 46. Kc2 c3 47. Kb1 Kb3 48. Ka1 a3 49. Kb1 c2+ 50. Ka1 c1=Q# 0-1

[Event "NK-E Algemeen 2010"]
[Site "?"]
[Date "2010.04.02"]
[Round "1.11"]
[White "Roon, Sjoerd van"]
[Black "Martens, Vincent"]
[Result "1-0"]
[WhiteElo "1180"]
[BlackElo "1005"]
[PlyCount "117"]
[EventDate "2010.??.??"]

1. e4 d5 2. exd5 Qxd5 3. Nc3 Qa5 4. Bb5+ c6 5. Bc4 Nf6 6. Nf3 Bf5 7. d4 Ne4 8.
Ne5 e6 9. Bd3 Nxc3 10. bxc3 Qxc3+ 11. Bd2 Qxd4 12. Nf3 Qd8 13. Qe2 Bxd3 14.
cxd3 Bc5 15. O-O O-O 16. Qe4 h6 17. Qg4 Qxd3 18. Bxh6 Qg6 19. Qxg6 fxg6 20. Be3
Bxe3 21. fxe3 Nd7 22. Rad1 Rad8 23. Rb1 Nb6 24. Nd4 Rxf1+ 25. Rxf1 Re8 26. Rb1
e5 27. Nf3 c5 28. Rb5 e4 29. Nh4 g5 30. Nf5 c4 31. Nd6 Re7 32. Rc5 g4 33. Nxc4
Nxc4 34. Rxc4 Kf7 35. Kf2 Kf6 36. Kg3 Kf5 37. Rc5+ Re5 38. Rxe5+ Kxe5 39. Kxg4
Ke6 40. Kf4 b5 41. Kxe4 a5 42. Kd4 b4 43. Kc4 Ke5 44. Kb5 Ke4 45. Kxa5 Kxe3 46.
Kxb4 Kf2 47. a4 Kxg2 48. a5 Kxh2 49. a6 g5 50. a7 g4 51. a8=Q g3 52. Qh8+ Kg2
53. Kc3 Kf2 54. Qf6+ Kg1 55. Kd3 g2 56. Ke2 Kh1 57. Qh4+ Kg1 58. Kf3 Kf1 59.
Qf2# 1-0

[Event "NK-E Algemeen 2010"]
[Site "?"]
[Date "2010.04.02"]
[Round "1.12"]
[White "Knijff, Gerhard van der"]
[Black "Koster, Tobias"]
[Result "1/2-1/2"]
[WhiteElo "1170"]
[BlackElo "796"]
[PlyCount "49"]
[EventDate "2010.??.??"]

1. e4 d5 2. exd5 Qxd5 3. Nc3 Qe5+ 4. Be2 Nc6 5. Nf3 Qc5 6. d3 Nf6 7. Be3 Qb4 8.
Rb1 e5 9. O-O Bf5 10. a3 Qd6 11. Nb5 Qd7 12. c3 a6 13. Na7 Nxa7 14. Qb3 b6 15.
Nxe5 Qe6 16. Qxe6+ fxe6 17. Bf3 Rd8 18. Rbd1 Bd6 19. Nc4 Bc5 20. d4 Bd6 21. Bg5
h6 22. Be3 Bc2 23. Rd2 Bb3 24. Nxd6+ cxd6 25. Re1 1/2-1/2

[Event "NK-E Algemeen 2010"]
[Site "?"]
[Date "2010.04.02"]
[Round "1.13"]
[White "Nimwegen, Martijn van"]
[Black "Bekkink, Joey"]
[Result "0-1"]
[WhiteElo "829"]
[BlackElo "1144"]
[PlyCount "74"]
[EventDate "2010.??.??"]

1. e4 c5 2. Nc3 d6 3. Nf3 Nf6 4. Bc4 Nbd7 5. O-O g6 6. d3 Bg7 7. Ng5 O-O 8. Be3
a6 9. d4 cxd4 10. Bxd4 Qc7 11. b3 Rb8 12. Qf3 Bh6 13. h4 b5 14. Bd5 b4 15. Ne2
Bb7 16. Bxb7 Rxb7 17. c3 bxc3 18. Nxc3 Bg7 19. Bxf6 Bxf6 20. Rac1 Ne5 21. Qe2
a5 22. Nd5 Qd7 23. h5 Bxg5 24. Rc2 Bh6 25. f4 Nc6 26. hxg6 fxg6 27. Qa6 Nb4 28.
Qc4 e6 29. Ne3 Nxc2 30. Qxc2 Bxf4 31. Ng4 e5 32. Qc4+ Kh8 33. Nh6 Rc7 34. Qd5
Rc1 35. Rxc1 Bxc1 36. Ng4 Qxg4 37. Qxd6 Be3+ 0-1

[Event "NK-E Algemeen 2010"]
[Site "?"]
[Date "2010.04.02"]
[Round "1.14"]
[White "Harten, Lucas van"]
[Black "Elgersma, Simon"]
[Result "1-0"]
[WhiteElo "1068"]
[BlackElo "726"]
[PlyCount "55"]
[EventDate "2010.??.??"]

1. e4 e5 2. Nf3 Nc6 3. d4 exd4 4. Nxd4 Nxd4 5. Qxd4 Nf6 6. e5 Qe7 7. Bc4 d6 8.
Bf4 Bf5 9. O-O O-O-O 10. Qxa7 Ng4 11. exd6 cxd6 12. h3 Ne5 13. Re1 d5 14. Rxe5
Qf6 15. Bxd5 Rxd5 16. Qa8+ Kd7 17. Rxd5+ Kc6 18. Nc3 Bb4 19. Qxh8 Bc5 20. Be5
Qh4 21. Bg3 Qxg3 22. Rxc5+ Kxc5 23. fxg3 Bxc2 24. Rc1 Bd3 25. Qc8+ Kd4 26. Rd1
Ke3 27. Qe8+ Be4 28. Qxe4# 1-0

[Event "NK-E Algemeen 2010"]
[Site "?"]
[Date "2010.04.02"]
[Round "1.15"]
[White "Seyed Mehdi, Dominick"]
[Black "Schuttevaer, Tim"]
[Result "1-0"]
[WhiteElo "1032"]
[BlackElo "936"]
[PlyCount "135"]
[EventDate "2010.??.??"]

1. e4 e5 2. Nf3 Nc6 3. Bc4 Bc5 4. d3 d6 5. h3 Bd7 6. Bg5 f6 7. Be3 a6 8. Bxc5
dxc5 9. Nc3 Nd4 10. O-O b5 11. Bb3 Nxb3 12. axb3 b4 13. Nd5 c6 14. Ne3 Nh6 15.
Qd2 O-O 16. c3 a5 17. Nc4 Be6 18. Nxa5 bxc3 19. bxc3 Rxa5 20. Rxa5 Qxa5 21. b4
cxb4 22. cxb4 Qa2 23. Qc3 Rc8 24. Qc5 Qa4 25. Qe7 Qb3 26. Nd2 Qa2 27. Nc4 Bxc4
28. dxc4 Qxc4 29. Rd1 Nf7 30. Qb7 Qe6 31. Rc1 Ng5 32. Rd1 Nxe4 33. Rd7 Nd6 34.
Rxg7+ Kf8 35. Qa7 e4 36. Rxh7 Nf7 37. Qc5+ Kg8 38. Qh5 Kf8 39. Qg6 Rc7 40. Kh2
Qe5+ 41. Kg1 Qg5 42. Qxe4 Nd6 43. Qd3 Rxh7 44. Qxd6+ Kg7 45. Qe7+ Kh6 46. Qd6
Rg7 47. Qxc6 Qxg2+ 48. Qxg2 Rxg2+ 49. Kxg2 Kg7 50. f4 Kf7 51. h4 f5 52. b5 Kg6
53. Kg3 Kh5 54. b6 Kg6 55. b7 Kh6 56. b8=Q Kg6 57. Qd6+ Kh5 58. Qe5 Kg6 59. h5+
Kh6 60. Qxf5 Kg7 61. Qg6+ Kh8 62. Qf6+ Kh7 63. Kg4 Kg8 64. Kg5 Kh7 65. Qf7+ Kh8
66. Qe7 Kg8 67. Kg6 Kh8 68. Qg7# 1-0

[Event "NK-E Algemeen 2010"]
[Site "?"]
[Date "2010.04.02"]
[Round "1.18"]
[White "Nies, Levi"]
[Black "Sealy, Alec"]
[Result "1/2-1/2"]
[WhiteElo "1010"]
[BlackElo "621"]
[PlyCount "63"]
[EventDate "2010.??.??"]

1. d4 d5 2. c4 dxc4 3. e4 Nc6 4. Nf3 Nf6 5. Nc3 e6 6. Bxc4 Bb4 7. Qe2 Nxd4 8.
Qd3 Nxf3+ 9. Qxf3 Bxc3+ 10. bxc3 e5 11. Ba3 Bg4 12. Qg3 Nxe4 13. Qxe5+ Kd7 14.
Qxe4 Re8 15. f3 Rxe4+ 16. fxe4 Kc8 17. Bb3 b6 18. O-O Qg5 19. Kh1 f6 20. h3 Be2
21. Rf2 Qe3 22. Rf5 Qxe4 23. Bd5 Qxf5 24. Bxa8 g5 25. Bc6 g4 26. Re1 gxh3 27.
Rxe2 hxg2+ 28. Kxg2 Qg4+ 29. Kf2 Qh4+ 30. Ke3 Qg5+ 31. Kd3 Qf5+ 32. Be4 1/2-1/2

[Event "NK-E Algemeen 2010"]
[Site "?"]
[Date "2010.04.02"]
[Round "1.19"]
[White "Makkus, Stijn"]
[Black "Bril, Mateo"]
[Result "0-1"]
[WhiteElo "851"]
[BlackElo "897"]
[PlyCount "72"]
[EventDate "2010.??.??"]

1. e4 e5 2. Nf3 Nc6 3. Nc3 Bb4 4. Bc4 Bxc3 5. dxc3 h6 6. Qd5 Qe7 7. Bg5 hxg5 8.
Nxg5 Nf6 9. Qxf7+ Qxf7 10. Nxf7 Rh4 11. Ng5 d6 12. Bb5 Bd7 13. Bxc6 Bxc6 14.
Ne6 Rxe4+ 15. Kf1 Nd5 16. Nxg7+ Kd7 17. Re1 Rxe1+ 18. Kxe1 Rg8 19. Nf5 Rxg2 20.
Ne3 Nxe3 21. fxe3 Rxc2 22. h4 Bxh1 23. h5 Rxb2 24. h6 Rxa2 25. h7 Rh2 26. h8=Q
Rxh8 27. e4 Bxe4 28. Kd2 Rh3 29. c4 Ke6 30. c5 dxc5 31. Kc1 Rh2 32. Kd1 Kd5 33.
Kc1 Kd4 34. Kd1 Ke3 35. Kc1 Kd3 36. Kd1 Rh1# 0-1

[Event "NK-E Algemeen 2010"]
[Site "?"]
[Date "2010.04.02"]
[Round "1.20"]
[White "Scheerhoorn, Joep"]
[Black "Steunenberg, Renso"]
[Result "0-1"]
[WhiteElo "850"]
[BlackElo "822"]
[PlyCount "84"]
[EventDate "2010.??.??"]

1. e4 e5 2. Nf3 Nc6 3. Bc4 Bc5 4. Nc3 Nf6 5. d3 h6 6. h3 d6 7. O-O Be6 8. Bxe6
fxe6 9. b3 Qd7 10. Bb2 O-O-O 11. Rb1 Rhg8 12. Na4 Bb4 13. d4 exd4 14. Nxd4 Nxe4
15. Qe2 Nd2 16. Nxe6 Rde8 17. Rbd1 Rxe6 18. Qg4 Nxf1 19. Rxf1 Re7 20. Qxd7+
Rxd7 21. Nc5 dxc5 22. a4 Rd2 23. Bc1 Rxc2 24. Rd1 Rd8 25. Rf1 Bd2 26. Ba3 b6
27. Rd1 Bb4 28. Rxd8+ Kxd8 29. Bxb4 cxb4 30. Kh2 Rxf2 31. Kg3 Rb2 32. Kf3 Rxb3+
33. Kf4 Rc3 34. Kf5 Nd4+ 35. Ke4 b3 36. Kxd4 Rc6 37. Kd5 Kd7 38. g4 b2 39. h4
b1=Q 40. h5 Qd3+ 41. Ke5 Re6+ 42. Kf4 g5+ 0-1

[Event "NK-E Algemeen 2010"]
[Site "?"]
[Date "2010.04.02"]
[Round "1.21"]
[White "Hoekstra, Jan"]
[Black "Mensing, Andrew"]
[Result "0-1"]
[WhiteElo "655"]
[BlackElo "724"]
[PlyCount "110"]
[EventDate "2010.??.??"]

1. e4 c5 2. Nf3 d6 3. Bb5+ Nd7 4. Bxd7+ Bxd7 5. O-O Nf6 6. d3 Bg4 7. Bg5 e6 8.
Nbd2 Be7 9. h3 Bxf3 10. Nxf3 O-O 11. Qd2 d5 12. Rfe1 dxe4 13. dxe4 Qxd2 14.
Nxd2 Rad8 15. Nc4 b5 16. Ne5 h6 17. Bxf6 Bxf6 18. Nc6 Rd7 19. Rad1 Rxd1 20.
Rxd1 a6 21. Rd6 Re8 22. e5 Be7 23. Rd7 Bg5 24. g3 Bc1 25. b3 Kh8 26. Rxf7 Rc8
27. Ne7 Rd8 28. Ng6+ Kg8 29. Re7 Rd1+ 30. Kg2 Rd2 31. Rxe6 Rxc2 32. Re8+ Kf7
33. Re7+ Kxg6 34. Kf3 Kf5 35. e6 Kf6 36. Re8 g5 37. Ke4 Rd2 38. Ke3 Rd8+ 39.
Ke4 Rxe8 40. Kd5 c4 41. bxc4 bxc4 42. Kxc4 Rxe6 43. a4 Re4+ 44. Kb3 h5 45. a5
h4 46. gxh4 Rxh4 47. Kc2 Rc4+ 48. Kd1 Bf4 49. Ke2 Ke5 50. f3 Kd4 51. h4 gxh4
52. Kf2 Rc2+ 53. Kg1 Ke3 54. Kf1 Kxf3 55. Ke1 Rc1# 0-1

[Event "NK-E Algemeen 2010"]
[Site "?"]
[Date "2010.04.02"]
[Round "1.22"]
[White "Reddy, Quinten"]
[Black "Nguyen, Kevin"]
[Result "0-1"]
[WhiteElo "546"]
[BlackElo "1255"]
[PlyCount "54"]
[EventDate "2010.??.??"]

1. e4 e5 2. Nf3 Nc6 3. Bc4 Bc5 4. d3 d6 5. Ng5 Nh6 6. Nf3 Bg4 7. Bxh6 gxh6 8.
h3 Bh5 9. O-O Qd7 10. Nc3 O-O-O 11. a3 Rhg8 12. Nd5 Qxh3 13. g3 Bxf2+ 14. Kxf2
Qxg3+ 15. Ke3 Bxf3 16. Rxf3 Qg5+ 17. Ke2 Nd4+ 18. Kf2 Nxf3 19. Qxf3 Qh4+ 20.
Ke2 Rg7 21. Qf5+ Kb8 22. Qf3 Qh2+ 23. Ke3 Rg3 24. Qxg3 Qxg3+ 25. Ke2 Rg8 26.
Ne3 Qh2+ 27. Kf3 Rg3# 0-1

[Event "NK-E Algemeen 2010"]
[Site "?"]
[Date "2010.04.02"]
[Round "2.1"]
[White "Bekkink, Joey"]
[Black "Bhattacharjee, Sourav"]
[Result "1/2-1/2"]
[WhiteElo "1144"]
[BlackElo "1562"]
[PlyCount "96"]
[EventDate "2010.??.??"]

1. e4 e5 2. Nf3 Nc6 3. Bc4 Nf6 4. d3 Bc5 5. c3 d6 6. b4 Bb6 7. a4 a6 8. a5 Ba7
9. O-O Bg4 10. Bg5 h6 11. Bh4 g5 12. Bg3 h5 13. h3 Bxf3 14. Qxf3 Qe7 15. Nd2 g4
16. Qf5 gxh3 17. Qxh3 Ng4 18. Bh4 Qd7 19. Nf3 Ne7 20. Ng5 d5 21. exd5 Nxd5 22.
Qf3 c6 23. Bxd5 cxd5 24. c4 d4 25. Ne4 Qe6 26. Nf6+ Nxf6 27. Qxf6 Qxf6 28. Bxf6
Rg8 29. Bxe5 O-O-O 30. c5 Bb8 31. Bxb8 Kxb8 32. Rac1 Rg6 33. Rfe1 Rdg8 34. g3
h4 35. Re7 hxg3 36. Rxf7 gxf2+ 37. Kxf2 Rg2+ 38. Kf3 R2g3+ 39. Ke2 Re3+ 40. Kf2
Rxd3 41. c6 Rc8 42. Rxb7+ Ka8 43. Rd7 Rc3 44. Rd1 Rf8+ 45. Kg2 Rxc6 46. R1xd4
Rg6+ 47. Kh3 Rf3+ 48. Kh4 Rg1 1/2-1/2

[Event "NK-E Algemeen 2010"]
[Site "?"]
[Date "2010.04.02"]
[Round "2.2"]
[White "Bosma, Jan"]
[Black "Kevlishvili, Robby"]
[Result "1-0"]
[WhiteElo "1051"]
[BlackElo "1559"]
[PlyCount "89"]
[EventDate "2010.??.??"]

1. e4 c5 2. Nf3 Nc6 3. c3 e6 4. d4 cxd4 5. cxd4 Nf6 6. Nc3 Bb4 7. Bd2 Bxc3 8.
bxc3 Nxe4 9. Bd3 Nf6 10. O-O O-O 11. Re1 a6 12. Rb1 d5 13. c4 dxc4 14. Bxc4
Nxd4 15. Nxd4 Qxd4 16. Bb3 Rd8 17. Re2 e5 18. Qe1 e4 19. Rd1 Qe5 20. Bb4 Bg4
21. Rxd8+ Rxd8 22. Rd2 Rc8 23. Ba4 b5 24. Bb3 e3 25. fxe3 Ne4 26. Rd4 Bf5 27.
Bc3 Nxc3 28. Qxc3 h6 29. Rd8+ Rxd8 30. Qxe5 Bg6 31. Qc7 Re8 32. Qb6 Kh7 33.
Qxa6 Rxe3 34. Qxb5 f6 35. Qc4 Re8 36. Bc2 f5 37. Qf4 Rf8 38. a4 Rf6 39. a5 Bf7
40. Qa4 g6 41. a6 Rd6 42. a7 Bd5 43. Qe8 Ra6 44. Qd7+ Kh8 45. Qc8+ 1-0

[Event "NK-E Algemeen 2010"]
[Site "?"]
[Date "2010.04.02"]
[Round "2.3"]
[White "Kazarian, Anna Maja"]
[Black "Roon, Sjoerd van"]
[Result "1-0"]
[WhiteElo "1540"]
[BlackElo "1180"]
[PlyCount "57"]
[EventDate "2010.??.??"]

1. e4 e5 2. Nf3 Nf6 3. Nc3 Nc6 4. Bc4 Nxe4 5. Nxe4 d5 6. Qe2 dxc4 7. Qxc4 Be6
8. Qe2 Bg4 9. Qe3 Nd4 10. Nxd4 Qxd4 11. Qxd4 exd4 12. b3 Bb4 13. f3 Bh5 14. Bb2
O-O 15. Bxd4 Rfe8 16. O-O-O Rad8 17. Bb2 f5 18. Ng3 Bf7 19. a3 Ba5 20. b4 Bb6
21. Nxf5 Bg6 22. Ng3 Re6 23. f4 Rc6 24. f5 Bf7 25. Kb1 Rcd6 26. Ne4 Be3 27.
Nxd6 Rxd6 28. dxe3 Rf6 29. Rd8+ 1-0

[Event "NK-E Algemeen 2010"]
[Site "?"]
[Date "2010.04.02"]
[Round "2.4"]
[White "Dijkhuis, Sven"]
[Black "Harten, Lucas van"]
[Result "1-0"]
[WhiteElo "1426"]
[BlackElo "1068"]
[PlyCount "47"]
[EventDate "2010.??.??"]

1. e4 c5 2. Nf3 d6 3. d4 cxd4 4. Nxd4 Nf6 5. Nc3 h6 6. Be3 g6 7. f3 Bg7 8. Qd2
Nc6 9. Bc4 Nxd4 10. Bxd4 Be6 11. Bxe6 fxe6 12. Qd3 Qd7 13. O-O-O e5 14. Be3 O-O
15. Qd2 Kh7 16. g4 g5 17. h4 Kg6 18. hxg5 hxg5 19. Bxg5 Nh7 20. Bh6 Qe6 21. Qh2
Rh8 22. Qh5+ Kf6 23. g5+ Nxg5 24. Bxg5# 1-0

[Event "NK-E Algemeen 2010"]
[Site "?"]
[Date "2010.04.02"]
[Round "2.5"]
[White "Slomczewski, Michal"]
[Black "Seyed Mehdi, Dominick"]
[Result "1-0"]
[WhiteElo "1404"]
[BlackElo "1032"]
[PlyCount "57"]
[EventDate "2010.??.??"]

1. e4 e5 2. Nf3 Nc6 3. Bb5 Bc5 4. Bxc6 bxc6 5. d3 Nf6 6. Nxe5 O-O 7. Nf3 d6 8.
a3 Bg4 9. h3 Be6 10. Bg5 h6 11. Bh4 Rb8 12. b4 Bb6 13. Nbd2 c5 14. a4 cxb4 15.
a5 Bc5 16. d4 Bxd4 17. Nxd4 Qd7 18. Bxf6 gxf6 19. Qf3 Kh7 20. Qxf6 Rg8 21. Nxe6
fxe6 22. O-O Rg7 23. Qd4 Rbg8 24. g3 e5 25. Qxb4 Qxh3 26. Ra3 c5 27. Qc3 h5 28.
Qf3 h4 29. Qh5# 1-0

[Event "NK-E Algemeen 2010"]
[Site "?"]
[Date "2010.04.02"]
[Round "2.6"]
[White "Bril, Mateo"]
[Black "Baselmans, Luuk"]
[Result "1/2-1/2"]
[WhiteElo "897"]
[BlackElo "1329"]
[PlyCount "55"]
[EventDate "2010.??.??"]

1. e4 e5 2. Nf3 Nc6 3. Bb5 Bd6 4. Bxc6 bxc6 5. Nc3 Nf6 6. O-O O-O 7. h3 Ba6 8.
Re1 Qe7 9. a3 Rab8 10. d3 h6 11. b4 c5 12. bxc5 Bxc5 13. a4 Bb4 14. Bd2 Ba5 15.
Rb1 Qc5 16. Ne2 Bxd2 17. Rxb8 Bxe1 18. Rxf8+ Kxf8 19. Nxe1 Qb4 20. Nf3 d6 21.
c4 Nd7 22. Qc2 Nc5 23. Nc3 Qa3 24. Ne1 Qa1 25. Kf1 Qa3 26. Nf3 Qa1+ 27. Ke2 Qa3
28. Qd1 1/2-1/2

[Event "NK-E Algemeen 2010"]
[Site "?"]
[Date "2010.04.02"]
[Round "2.7"]
[White "Steunenberg, Renso"]
[Black "Beukema, Jasper"]
[Result "0-1"]
[WhiteElo "822"]
[BlackElo "1315"]
[PlyCount "54"]
[EventDate "2010.??.??"]

1. e4 c5 2. Nf3 Nc6 3. Bc4 g6 4. Nc3 Bg7 5. d3 d6 6. Bb5 a6 7. Bxc6+ bxc6 8.
Bg5 Nf6 9. Bxf6 Bxf6 10. Qd2 O-O 11. O-O-O Bg4 12. h3 Bxf3 13. gxf3 e5 14. Rhg1
Rb8 15. f4 Qb6 16. b3 Qb4 17. Qe2 Qxc3 18. f5 a5 19. fxg6 fxg6 20. h4 Bxh4 21.
Qg4 Rxf2 22. Qe6+ Kg7 23. Qd7+ Kh6 24. Qg7+ Kxg7 25. Rxg6+ hxg6 26. Rd2 Rxd2
27. Kb1 Rd1# 0-1

[Event "NK-E Algemeen 2010"]
[Site "?"]
[Date "2010.04.02"]
[Round "2.8"]
[White "Mensing, Andrew"]
[Black "Nguyen, Sang"]
[Result "0-1"]
[WhiteElo "724"]
[BlackElo "1255"]
[PlyCount "46"]
[EventDate "2010.??.??"]

1. e4 e5 2. Nf3 Nc6 3. Bb5 Nf6 4. Nc3 g6 5. Bxc6 dxc6 6. O-O Bc5 7. Nxe5 O-O 8.
h3 Re8 9. Ng4 Bxg4 10. hxg4 Nxe4 11. Nxe4 Rxe4 12. Re1 Rf4 13. Kh2 Rxf2 14. Rf1
Qh4+ 15. Kg1 Rxd2+ 16. Rf2 Bxf2+ 17. Kf1 Rxd1+ 18. Ke2 Re1+ 19. Kd2 Rd8+ 20.
Kc3 Qg3+ 21. Kb4 Qxg4+ 22. Ka3 Bc5+ 23. Kb3 Qb4# 0-1

[Event "NK-E Algemeen 2010"]
[Site "?"]
[Date "2010.04.02"]
[Round "2.9"]
[White "Kuiper, Adrian"]
[Black "Korenwinder, Tom"]
[Result "1/2-1/2"]
[WhiteElo "1203"]
[BlackElo "1025"]
[PlyCount "77"]
[EventDate "2010.??.??"]

1. e4 c5 2. Nf3 d6 3. d4 cxd4 4. Nxd4 Nf6 5. Nc3 g6 6. Bb5+ Bd7 7. Bxd7+ Nbxd7
8. O-O Bg7 9. Be3 O-O 10. Qe2 Nc5 11. Rad1 Ncxe4 12. Nxe4 Nxe4 13. Nf3 b6 14.
Bd4 Nf6 15. Rfe1 e5 16. Bxe5 dxe5 17. Rxd8 Raxd8 18. Rd1 Rxd1+ 19. Qxd1 e4 20.
Nd4 Rd8 21. c3 b5 22. Qe2 b4 23. g3 Ne8 24. Nc6 Rd7 25. Nxb4 Nd6 26. f3 exf3
27. Qxf3 Nc4 28. Qg4 Ne5 29. Qe2 Re7 30. Nd5 Re6 31. Qd1 h5 32. Ne7+ Rxe7 33.
Qd8+ Bf8 34. c4 Nxc4 35. b3 Ne5 36. a3 Nc6 37. Qd1 Bh6 38. Qd6 Re6 39. Qd1
1/2-1/2

[Event "NK-E Algemeen 2010"]
[Site "?"]
[Date "2010.04.02"]
[Round "2.11"]
[White "Wolvers, Stephan"]
[Black "Nies, Levi"]
[Result "1-0"]
[WhiteElo "1024"]
[BlackElo "1010"]
[PlyCount "49"]
[EventDate "2010.??.??"]

1. e4 e5 2. d4 Nc6 3. Nf3 exd4 4. c3 dxc3 5. Nxc3 Bb4 6. Bb5 a6 7. Ba4 b5 8.
Bb3 Nf6 9. Bg5 h6 10. Bh4 O-O 11. O-O Bxc3 12. bxc3 Qe7 13. Re1 Bb7 14. h3 Na5
15. Bc2 Qe6 16. e5 Nd5 17. Qd2 Nb6 18. Qd3 g6 19. Bf6 Bxf3 20. Qxf3 Nd5 21. a3
Nxf6 22. exf6 Qc6 23. Qf4 Qxc3 24. Red1 Qxc2 25. Qxh6 1-0